000 00938nam a22002297a 4500
003 URS
005 20220904135914.0
008 220904b |||||||| |||| 00| 0 eng d
100 _92289
_aArambulo, Al Joseph A.
_eauthor
245 _aMember's Level of Satisfaction on the Services of Cooperatives in Morong, Rizal
_cAl Joseph A. Arambulo, Christine Allyson SM. Pascua, Princess Lorraine R. Tamayo
260 _c2021
300 _axi, 65 leaves
_c28 cm
336 _2rdacontent
_atext
337 _2rdamedia
_aunmediated
338 _2rdacarrier
_avolume
502 _aThesis
_bBachelor of Science in Business Administration Major in Financial Management
_cUniversity of Rizal System, Binangonan
_d2021
504 _aincludes bibliographical references
700 _92290
_aPascua, Christine Allyson SM.
_eauthor
700 _91713
_aEvelyn V. Diaz, MM
_eadviser
700 _92291
_aTamayo, Princess Lorraine R.
_eauthor
942 _2lcc
_cT
999 _c58568
_d58568